| 000 | 00762cac a2200241 a 4500 | ||
|---|---|---|---|
| 003 | CO-PeBPM | ||
| 005 | 20251027120112.0 | ||
| 008 | 231129e1986||||xx |||||||||||||| ||spa|| | ||
| 020 | _a8476343248 | ||
| 040 | 0 |
_aCO-PeBPM _bspa _cCO-PeBPM _erda |
|
| 041 | 0 | _aspa | |
| 082 | 0 | 4 | _a301.1 M875zo |
| 100 | 1 |
_aMorris, Desmond _eautor |
|
| 245 | 1 | 0 |
_aEl zoo humano _cDesmond Morris |
| 260 |
_aBarcelona. España _bPlaza y Janes S.A Editores _c1986 |
||
| 300 |
_a183 páginas _c; 20 centímetros |
||
| 490 | _aBiblioteca de Divulgacion Cíentifica | ||
| 500 | _aIncluye Índice | ||
| 650 | 1 | 4 |
_aNaturaleza animal del hombre _2LEMB |
| 650 | 1 | 4 |
_aPsicología comparada _2LEMB |
| 700 |
_aAdolfo Martin _eTraductor |
||
| 942 |
_2ddc _cBK |
||
| 999 |
_c61387 _d61387 |
||